[Event "EU-ch Online U2300 Qual"]
[Site "Chess.com INT"]
[Date "2020.05.25"]
[Round "3"]
[White "Chetina, Elizaveta"]
[Black "Babiy, Igor"]
[Result "0-1"]
[WhiteElo "1906"]
[BlackElo "2243"]
[PlyCount "132"]
[EventDate "2020.05.25"]
[EventType "swiss"]
[EventRounds "8"]
[EventCountry "NET"]
[SourceTitle "EXT 2021"]
[Source "ChessBase"]
[SourceDate "2020.10.23"]
[SourceVersion "1"]
[SourceVersionDate "2020.10.23"]
[SourceQuality "1"]

1. e4 d5 2. exd5 Qxd5 3. Nc3 Qa5 4. d4 Nf6 5. Bd2 Bd7 6. Nf3 e6 7. Be2 Qb6 8. Rb1 c5 9. dxc5 Bxc5 10. 0-0 0-0 11. Ne5 Be8 12. Nd3 Be7 13. Be3 Qc7 14. Bf4 Qc8 15. Bf3 Bc6 16. Ne5 Bxf3 17. Qxf3 Rd8 18. Rfd1 Nbd7 19. Nxd7 Rxd7 20. Rxd7 Qxd7 21. Rd1 Qc8 22. Qe2 h6 23. Ne4 Qc6 24. Nxf6+ Bxf6 25. c3 e5 26. Be3 a6 27. h3 Re8 28. Qg4 Rd8 29. Rxd8+ Bxd8 30. Qd1 Be7 31. Qd3 Qe6 32. b3 f5 33. c4 f4 34. Bc1 e4 35. Qd5 Qxd5 36. cxd5 g5 37. Bb2 Kf7 38. Kf1 Bf6 39. Ba3 Be7 40. d6 Bf6 41. Ke2 Ke6 42. g3 Be5 43. gxf4 gxf4 44. d7 Kxd7 45. Bf8 h5 46. Bh6 Ke6 47. Kd2 Kf5 48. Ke2 Bd4 49. Ke1 Bc5 50. Ke2 Bb6 51. a3 Bc5 52. a4 Bb4 53. Kf1 f3 54. Be3 Ke5 55. Kg1 Kd5 56. Kh2 Bd6+ 57. Kg1 Be5 58. Kf1 Bc3 59. Kg1 Bb4 60. Kh2 Bc5 61. Bxc5 Kxc5 62. Kg3 h4+ 63. Kf4 Kd4 64. Kg4 a5 65. Kf4 Kd3 66. Kg4 Ke2 0-1

[Event "EU-ch Online U2300 Qual"]
[Site "Chess.com INT"]
[Date "2020.05.25"]
[Round "2"]
[White "Chetina, Elizaveta"]
[Black "Gago Padreny, Ignacio"]
[Result "0-1"]
[WhiteElo "1906"]
[BlackElo "2289"]
[PlyCount "84"]
[EventDate "2020.05.25"]
[EventType "swiss"]
[EventRounds "8"]
[EventCountry "NET"]
[SourceTitle "EXT 2021"]
[Source "ChessBase"]
[SourceDate "2020.10.23"]
[SourceVersion "1"]
[SourceVersionDate "2020.10.23"]
[SourceQuality "1"]

1. e4 c6 2. d4 d5 3. exd5 cxd5 4. Bd3 Nc6 5. c3 Nf6 6. h3 g6 7. Nf3 Bf5 8. Bxf5 gxf5 9. Qd3 e6 10. Ne5 Nxe5 11. dxe5 Nd7 12. f4 Qb6 13. Nd2 Rg8 14. g3 Bc5 15. Qf3 a5 16. Nb3 a4 17. Nxc5 Nxc5 18. Rb1 Ne4 19. Be3 Qb5 20. Bf2 Rc8 21. Qe2 Qxe2+ 22. Kxe2 Nxg3+ 23. Bxg3 Rxg3 24. Rbg1 Rg6 25. h4 Rc4 26. Ke3 a3 27. bxa3 Rxc3+ 28. Kd4 Rxa3 29. h5 Rg4 30. Rxg4 fxg4 31. Rg1 g3 32. Rg2 Kf8 33. f5 Kg7 34. fxe6 fxe6 35. Kc5 Kh6 36. Kd6 Kxh5 37. Kxe6 Kg4 38. Kxd5 h5 39. Re2 Kf3 40. Re1 g2 41. e6 Rd3+ 42. Kc4 Rd8 0-1

[Event "EU-ch Online U2300 Qual"]
[Site "Chess.com INT"]
[Date "2020.05.25"]
[Round "5"]
[White "Ptacnikova, Lenka"]
[Black "Chetina, Elizaveta"]
[Result "1-0"]
[WhiteElo "2111"]
[BlackElo "1906"]
[PlyCount "115"]
[EventDate "2020.05.25"]
[EventType "swiss"]
[EventRounds "8"]
[EventCountry "NET"]
[SourceTitle "EXT 2021"]
[Source "ChessBase"]
[SourceDate "2020.10.23"]
[SourceVersion "1"]
[SourceVersionDate "2020.10.23"]
[SourceQuality "1"]

1. c4 e5 2. g3 d5 3. cxd5 Qxd5 4. Nf3 e4 5. Nc3 Qc6 6. Ne5 Qe6 7. Qa4+ Nd7 8. Nxd7 Bxd7 9. Qxe4 Qxe4 10. Nxe4 Bc6 11. f3 f5 12. Nc3 Nf6 13. d3 Bc5 14. Bh3 g6 15. Bf4 Bb6 16. 0-0-0 Nd5 17. Nxd5 Bxd5 18. Be5 0-0 19. Kb1 Rfe8 20. d4 Bc4 21. e4 fxe4 22. fxe4 c5 23. b3 Be2 24. Bf1 Bxf1 25. Rhxf1 cxd4 26. Bxd4 Rxe4 27. Bxb6 axb6 28. Rf2 Re7 29. Rd6 Ra6 30. Kb2 b5 31. Rd5 Rb6 32. Kc3 b4+ 33. Kc4 Re4+ 34. Kc5 Rc6+ 35. Kb5 Rc7 36. h4 Kg7 37. g4 Rxg4 38. h5 Kh6 39. hxg6 Kxg6 40. Rf8 Rg7 41. Rd6+ Kh5 42. Rf1 Kh4 43. Rh1+ Kg3 44. Rdh6 R7g5+ 45. Ka4 Rg8 46. Rg1+ Kf4 47. Rxg4+ Kxg4 48. Rxh7 Ra8+ 49. Kxb4 Rxa2 50. Rxb7 Rb2 51. Rf7 Kg5 52. Kc4 Kg6 53. Rf3 Rb1 54. b4 Kg5 55. b5 Kg4 56. Rf8 Rc1+ 57. Kd5 Rb1 58. Kc6 1-0

[Event "World Amateur-ch U2000"]
[Site "Cagliari"]
[Date "2018.04.27"]
[Round "7"]
[White "Chetina, Elizaveta"]
[Black "Bianchetti, Raoul"]
[Result "1/2-1/2"]
[WhiteElo "1884"]
[BlackElo "1974"]
[PlyCount "96"]
[EventDate "2018.04.22"]
[EventType "swiss"]
[EventRounds "9"]
[EventCountry "ITA"]
[SourceTitle "CBM 184 Extra"]
[Source "ChessBase"]
[SourceDate "2018.06.28"]
[SourceVersion "1"]
[SourceVersionDate "2018.06.28"]
[SourceQuality "1"]

1. e4 d5 2. exd5 Qxd5 3. Nc3 Qd8 4. d4 Nf6 5. Nf3 Bg4 6. Be2 e6 7. h3 Bxf3 8. Bxf3 c6 9. Bf4 Bd6 10. Qd2 Qc7 11. Bxd6 Qxd6 12. 0-0 0-0 13. Ne4 Nxe4 14. Bxe4 Nd7 15. c3 Nf6 16. Bc2 c5 17. Rad1 Rfd8 18. Qc1 c4 19. f4 g6 20. Rf3 h5 21. Rdf1 Kg7 22. f5 exf5 23. Bxf5 Rf8 24. Bc2 Nd5 25. Qg5 Rae8 26. Rf5 Ne7 27. Rf6 Qd5 28. Qg3 a6 29. Rd6 h4 30. Qf4 Qh5 31. Qf6+ Kg8 32. Rf4 Qh8 33. Qxh8+ Kxh8 34. Rxh4+ Kg7 35. d5 Nc8 36. Rd7 Re2 37. Be4 Rxb2 38. Rg4 Kh6 39. Rf4 f5 40. d6 Kg5 41. Rf1 Rf6 42. Rxb7 Rxb7 43. Bxb7 Nxd6 44. Bxa6 f4 45. Rd1 Kh4 46. Rd4 Kg3 47. Bxc4 Nf5 48. Rd5 Rb6 1/2-1/2

[Event "World Amateur-ch U2000"]
[Site "Cagliari"]
[Date "2018.04.24"]
[Round "4"]
[White "Bottesi, Gianluca"]
[Black "Chetina, Elizaveta"]
[Result "1/2-1/2"]
[WhiteElo "1721"]
[BlackElo "1884"]
[PlyCount "74"]
[EventDate "2018.04.22"]
[EventType "swiss"]
[EventRounds "9"]
[EventCountry "ITA"]
[SourceTitle "CBM 184 Extra"]
[Source "ChessBase"]
[SourceDate "2018.06.28"]
[SourceVersion "1"]
[SourceVersionDate "2018.06.28"]
[SourceQuality "1"]

1. d4 Nf6 2. Nf3 d5 3. e3 e6 4. Bd3 Nbd7 5. b3 b6 6. Bb2 Bb7 7. 0-0 Bd6 8. Nbd2 0-0 9. Qe2 Re8 10. Ne5 Ne4 11. f4 f6 12. Nxd7 Qxd7 13. c4 c5 14. Nf3 Rac8 15. Rad1 Qc7 16. dxc5 bxc5 17. Bb1 Rcd8 18. Qc2 Qf7 19. Nd2 Qh5 20. Rf3 Bc7 21. Rh3 Qe2 22. Nxe4 Qxc2 23. Nxf6+ gxf6 24. Bxc2 f5 25. Rg3+ Kf8 26. Bf6 Rd7 27. b4 Rf7 28. Bc3 Bd6 29. b5 Be7 30. Bb3 Rd8 31. cxd5 exd5 32. Be5 Bf6 33. Bxf6 Rxf6 34. Bc2 h6 35. Rh3 Kf7 36. Rf3 Ke6 37. Rg3 Kf7 1/2-1/2

[Event "SRB Central-ch op-B 7th"]
[Site "Paracin"]
[Date "2014.07.10"]
[Round "8"]
[White "Rasic, Jovan"]
[Black "Chetina, Elizaveta"]
[Result "1-0"]
[WhiteElo "2072"]
[BlackElo "1890"]
[PlyCount "71"]
[EventDate "2014.07.04"]
[EventType "swiss"]
[EventRounds "9"]
[EventCountry "SRB"]
[SourceTitle "CBM 161 Extra"]
[Source "ChessBase"]
[SourceDate "2014.08.29"]
[SourceVersion "1"]
[SourceVersionDate "2014.08.29"]
[SourceQuality "1"]

1. g4 e5 2. c4 d5 3. cxd5 Qxd5 4. Nf3 c6 5. Nc3 Qa5 6. d4 e4 7. Ng5 Nf6 8. Qb3 Qc7 9. Ncxe4 Nxe4 10. Nxe4 Bxg4 11. Bd2 Be6 12. Qe3 Be7 13. Rg1 Rg8 14. Rc1 Nd7 15. Ng5 Bxg5 16. Rxg5 Qxh2 17. d5 cxd5 18. Rxd5 Kd8 19. Bb4 Qh6 20. Rxd7+ Kxd7 21. Rd1+ Kc8 22. Bd6 Kd7 23. Bf4+ Ke7 24. Qc5+ Kf6 25. Qe5+ Ke7 26. Bxh6 gxh6 27. f4 f6 28. Qc7+ Ke8 29. Rd6 Bg4 30. Qxh7 Rf8 31. f5 Bh5 32. Re6+ Kd8 33. Qe7+ Kc8 34. Qxf8+ Kc7 35. Qe7+ Kc8 36. Kf2 1-0

[Event "SRB Central-ch op-B 7th"]
[Site "Paracin"]
[Date "2014.07.07"]
[Round "4"]
[White "Ivic, Matija"]
[Black "Chetina, Elizaveta"]
[Result "0-1"]
[WhiteElo "1988"]
[BlackElo "1890"]
[PlyCount "50"]
[EventDate "2014.07.04"]
[EventType "swiss"]
[EventRounds "9"]
[EventCountry "SRB"]
[SourceTitle "CBM 161 Extra"]
[Source "ChessBase"]
[SourceDate "2014.08.29"]
[SourceVersion "1"]
[SourceVersionDate "2014.08.29"]
[SourceQuality "1"]

1. c4 Nf6 2. g3 e5 3. Bg2 Bc5 4. Nf3 d6 5. 0-0 Nc6 6. Nc3 a6 7. a3 0-0 8. d3 h6 9. b4 Ba7 10. Bb2 Bg4 11. h3 Be6 12. Nd2 Rb8 13. Nd5 Bxd5 14. cxd5 Ne7 15. Qb3 Nh5 16. Kh2 f5 17. Bxe5 dxe5 18. d6+ Kh8 19. dxe7 Qxe7 20. Rac1 c6 21. a4 Rbd8 22. Nc4 f4 23. g4 f3 24. Bxf3 Rxf3 25. exf3 Nf4 0-1

[Event "Wch U16 Girls"]
[Site "Al Ain"]
[Date "2013.12.21"]
[Round "5"]
[White "Wafa, Shrook"]
[Black "Chetina, Elizaveta"]
[Result "1-0"]
[WhiteElo "2010"]
[BlackElo "1904"]
[PlyCount "52"]
[EventDate "2013.12.18"]
[EventType "swiss"]
[EventRounds "11"]
[EventCountry "UAE"]
[SourceTitle "CBM 158 Extra"]
[Source "ChessBase"]
[SourceDate "2014.02.28"]
[SourceVersion "1"]
[SourceVersionDate "2014.02.28"]
[SourceQuality "1"]

1. e4 e5 2. Nf3 Nc6 3. Bb5 a6 4. Ba4 Nf6 5. Qe2 b5 6. Bb3 Bc5 7. a4 Rb8 8. axb5 axb5 9. 0-0 0-0 10. c3 d6 11. d3 b4 12. Nbd2 Bg4 13. h3 Be6 14. Bxe6 fxe6 15. Nc4 Qe8 16. Rd1 Qh5 17. d4 exd4 18. cxd4 Bb6 19. Nxb6 Rxb6 20. b3 e5 21. Qc4+ Kh8 22. d5 Nd4 23. Rxd4 exd4 24. Qxc7 Rfb8 25. Ra7 Ne8 26. Qe7 Qg6 1-0

[Event "SRB Central-ch op-B 6th"]
[Site "Paracin"]
[Date "2013.07.11"]
[Round "8"]
[White "Ostojic, Nikola M"]
[Black "Chetina, Elizaveta"]
[Result "1-0"]
[WhiteElo "2068"]
[BlackElo "1881"]
[PlyCount "125"]
[EventDate "2013.07.05"]
[EventType "swiss"]
[EventRounds "9"]
[EventCountry "SRB"]
[SourceTitle "CBM 155 Extra"]
[Source "ChessBase"]
[SourceDate "2013.08.26"]
[SourceVersion "1"]
[SourceVersionDate "2013.08.26"]
[SourceQuality "1"]

1. d4 Nf6 2. c4 e6 3. Nc3 d5 4. Bg5 Nbd7 5. e3 c6 6. Nf3 Qa5 7. Nd2 Bb4 8. Qc2 dxc4 9. Bxf6 Nxf6 10. Nxc4 Qc7 11. a3 Bxc3+ 12. bxc3 b5 13. Ne5 Bb7 14. Bd3 a6 15. a4 0-0 16. 0-0 g6 17. Rfb1 Nd7 18. f4 Nb6 19. c4 bxc4 20. Bxc4 Rab8 21. a5 Nd7 22. Nxd7 Qxd7 23. Rb6 Ra8 24. Rab1 Ra7 25. Qb3 Bc8 26. Qb4 Rd8 27. Qc5 Bb7 28. Be2 Rc8 29. h3 Rc7 30. Rc1 Qd5 31. Bf3 Qa2 32. Qe5 Qd2 33. Rc5 Rc8 34. Bxc6 Bxc6 35. Rbxc6 Rxc6 36. Rxc6 Ra8 37. Kh2 Qa2 38. Rb6 Qa3 39. Rb7 Rf8 40. Ra7 Qd3 41. Rd7 Qc3 42. e4 Qd2 43. f5 exf5 44. exf5 Qh6 45. f6 Qd2 46. Ra7 Qd3 47. Re7 h6 48. d5 Qb5 49. d6 Qxe5+ 50. Rxe5 Rd8 51. d7 Rxd7 52. Re8+ Kh7 53. Re7 Rd6 54. Rxf7+ Kh8 55. Rf8+ Kh7 56. Rf7+ Kh8 57. Kg3 g5 58. Kg4 Kg8 59. Rg7+ Kf8 60. Kf5 Ke8 61. Ra7 Kf8 62. Kg6 Rd8 63. Kxh6 1-0

[Event "SRB Central-ch op-B 6th"]
[Site "Paracin"]
[Date "2013.07.09"]
[Round "5"]
[White "Chetina, Elizaveta"]
[Black "Zivkovic, Zivojin"]
[Result "0-1"]
[WhiteElo "1881"]
[BlackElo "1981"]
[PlyCount "96"]
[EventDate "2013.07.05"]
[EventType "swiss"]
[EventRounds "9"]
[EventCountry "SRB"]
[SourceTitle "CBM 155 Extra"]
[Source "ChessBase"]
[SourceDate "2013.08.26"]
[SourceVersion "1"]
[SourceVersionDate "2013.08.26"]
[SourceQuality "1"]

1. e4 d6 2. d4 Nf6 3. Nc3 g6 4. Nf3 Bg7 5. Be2 c6 6. a4 0-0 7. 0-0 Qc7 8. h3 e5 9. dxe5 dxe5 10. Be3 Nh5 11. Bc4 Nf4 12. Ne2 Be6 13. Bxe6 Nxe6 14. Qc1 Nd7 15. Rd1 Nf6 16. Nc3 Rfd8 17. Rxd8+ Rxd8 18. Qf1 Nd4 19. Ne1 Qa5 20. Rb1 Bf8 21. Bg5 Kg7 22. f4 Be7 23. Nd3 Ne6 24. Bxf6+ Bxf6 25. fxe5 Bxe5 26. Nxe5 Qxe5 27. Rd1 Rxd1 28. Qxd1 Qg3 29. Qd2 h5 30. b3 g5 31. Ne2 Qe5 32. Qe3 Qc5 33. Qxc5 Nxc5 34. Nc3 Kf6 35. Kf2 Ke5 36. Ke3 a5 37. g3 g4 38. h4 f6 39. Ne2 Nxe4 40. Kd3 Nc5+ 41. Ke3 Ne6 42. Kd3 f5 43. Ke3 b6 44. c3 b5 45. c4 b4 46. Nf4 Nxf4 47. gxf4+ Kd6 48. Kf2 Kc5 0-1

[Event "SRB Central-ch op-B 6th"]
[Site "Paracin"]
[Date "2013.07.06"]
[Round "2"]
[White "Chetina, Elizaveta"]
[Black "Arandjelovic, Aleksandar Z"]
[Result "1/2-1/2"]
[WhiteElo "1881"]
[BlackElo "2042"]
[PlyCount "70"]
[EventDate "2013.07.05"]
[EventType "swiss"]
[EventRounds "9"]
[EventCountry "SRB"]
[SourceTitle "CBM 155 Extra"]
[Source "ChessBase"]
[SourceDate "2013.08.26"]
[SourceVersion "1"]
[SourceVersionDate "2013.08.26"]
[SourceQuality "1"]

1. e4 c5 2. Nf3 d6 3. d4 cxd4 4. Nxd4 Nf6 5. Nc3 a6 6. Be2 e5 7. Nb3 Be7 8. Be3 Be6 9. 0-0 0-0 10. f4 Qc7 11. Nd5 Bxd5 12. exd5 Nbd7 13. c4 Rfe8 14. Rc1 exf4 15. Bxf4 Ne4 16. Be3 Qd8 17. Bd3 Bg5 18. Bxg5 Qxg5 19. Qf3 Nef6 20. Rce1 Ne5 21. Qh3 Neg4 22. Qg3 Nh5 23. Qxd6 Re3 24. Nc5 Rae8 25. Ne4 Qh4 26. Rxe3 Nxe3 27. Qd7 Rf8 28. g3 Nxg3 29. hxg3 Qh5 30. Re1 Ng4 31. Qd6 f5 32. Qe6+ Kh8 33. Qe7 Qh2+ 34. Kf1 Kg8 35. Qe6+ Kh8 1/2-1/2

[Event "World Amateur-ch"]
[Site "Iasi"]
[Date "2013.04.26"]
[Round "5"]
[White "Ganesan, K."]
[Black "Chetina, Elizaveta"]
[Result "0-1"]
[WhiteElo "1933"]
[BlackElo "1850"]
[PlyCount "67"]
[EventDate "2013.04.22"]
[EventType "swiss"]
[EventRounds "9"]
[EventCountry "ROU"]
[SourceTitle "CBM 154 Extra"]
[Source "ChessBase"]
[SourceDate "2013.06.25"]
[SourceVersion "2"]
[SourceVersionDate "2013.06.25"]
[SourceQuality "1"]

1. d4 Nf6 2. c4 e6 3. Nf3 d5 4. Nc3 c6 5. e3 Bb4 6. Qc2 Nbd7 7. Bd3 0-0 8. 0-0 Re8 9. Rd1 h6 10. b3 Qe7 11. a3 Bxc3 12. Qxc3 e5 13. dxe5 Nxe5 14. Qxe5 Qxe5 15. Nxe5 Rxe5 16. Bb2 Re8 17. Bxf6 gxf6 18. cxd5 cxd5 19. Be2 Be6 20. Bf3 Red8 21. Rac1 Rac8 22. Rxc8 Rxc8 23. Kf1 Rc3 24. Rb1 b6 25. Rb2 d4 26. exd4 Bxb3 27. Rd2 Bc4+ 28. Ke1 Kf8 29. a4 Ke7 30. Be4 Rc1+ 31. Rd1 Rxd1+ 32. Kxd1 Bb3+ 33. Bc2 Bxc2+ 34. Kxc2 0-1

[Event "Wch U16 Girls"]
[Site "Al Ain"]
[Date "2013.??.??"]
[Round "4"]
[White "Chetina, Elizaveta"]
[Black "Derakhshani, Dorsa"]
[Result "0-1"]
[WhiteElo "1904"]
[BlackElo "2087"]
[PlyCount "64"]
[EventDate "2013.12.18"]
[EventType "swiss"]
[EventRounds "11"]
[EventCountry "UAE"]
[SourceTitle "CBM 158 Extra"]
[Source "ChessBase"]
[SourceDate "2014.02.28"]
[SourceVersion "1"]
[SourceVersionDate "2014.02.28"]
[SourceQuality "1"]

1. e4 e5 2. Nf3 Nc6 3. Bc4 Bc5 4. c3 Nf6 5. d4 exd4 6. e5 d5 7. Bb5 Ne4 8. cxd4 Bb6 9. 0-0 0-0 10. Nc3 Bg4 11. Be2 f6 12. Be3 Kh8 13. exf6 Rxf6 14. Ng5 Bf5 15. Ngxe4 dxe4 16. Bg5 Bxd4 17. Bxf6 Qxf6 18. Qb3 b6 19. Nd5 Qh6 20. Ne3 Be5 21. g3 Bh3 22. Rfd1 Rf8 23. Ng4 Bxg4 24. Bxg4 Bd4 25. Rf1 Ne5 26. h3 Nxg4 27. hxg4 Rf3 28. Qxf3 exf3 29. Rfe1 Qg6 30. Re7 h6 31. Rxc7 Qxg4 32. Kh2 Bxf2 0-1

[Event "Wch U16 Girls"]
[Site "Al Ain"]
[Date "2013.??.??"]
[Round "2"]
[White "Wozniak, Mariola"]
[Black "Chetina, Elizaveta"]
[Result "1-0"]
[WhiteElo "2079"]
[BlackElo "1904"]
[PlyCount "65"]
[EventDate "2013.12.18"]
[EventType "swiss"]
[EventRounds "11"]
[EventCountry "UAE"]
[SourceTitle "CBM 158 Extra"]
[Source "ChessBase"]
[SourceDate "2014.02.28"]
[SourceVersion "1"]
[SourceVersionDate "2014.02.28"]
[SourceQuality "1"]

1. e4 e5 2. Nf3 Nc6 3. Bb5 a6 4. Ba4 Nf6 5. 0-0 b5 6. Bb3 Bc5 7. c3 d6 8. d4 Bb6 9. h3 0-0 10. Re1 h6 11. Be3 exd4 12. cxd4 Na5 13. Bc2 Bb7 14. Nbd2 Re8 15. d5 c6 16. dxc6 Nxc6 17. a3 d5 18. Bxb6 Qxb6 19. exd5 Nxd5 20. Ne4 Rad8 21. Qd3 Re6 22. Rad1 Rg6 23. Neg5 hxg5 24. Qxd5 Nd4 25. Qxd4 Rxd4 26. Re8+ Kh7 27. Rxd4 Bc6 28. Nxg5+ Kh6 29. Rh4+ Kxg5 30. Rg4+ Kf6 31. Rf4+ Kg5 32. Re5+ f5 33. Rexf5+ 1-0

[Event "Wch U16 Girls"]
[Site "Maribor"]
[Date "2012.11.12"]
[Round "6.25"]
[White "Chetina, Elizaveta"]
[Black "Visanescu, Daria Ioana"]
[Result "0-1"]
[WhiteElo "1819"]
[BlackElo "2060"]
[PlyCount "70"]
[EventDate "2012.11.08"]
[EventType "swiss"]
[EventRounds "11"]
[EventCountry "SLO"]
[SourceTitle "EXT 2013"]
[Source "ChessBase"]
[SourceDate "2012.11.22"]
[SourceVersion "1"]
[SourceVersionDate "2012.11.22"]
[SourceQuality "1"]

1. e4 c5 2. Nf3 d6 3. d4 cxd4 4. Nxd4 Nf6 5. Nc3 a6 6. Be2 e5 7. Nb3 Be7 8. 0-0 Be6 9. Be3 Nbd7 10. f4 Qc7 11. f5 Bc4 12. Nd2 Bxe2 13. Qxe2 Nb6 14. a4 Rc8 15. g4 h6 16. h3 d5 17. exd5 Nbxd5 18. Nde4 0-0 19. Nxf6+ Nxf6 20. Rad1 Rfd8 21. Rxd8+ Rxd8 22. Rd1 Rxd1+ 23. Qxd1 e4 24. Kg2 Bc5 25. Qg1 Ba3 26. Qa1 Bb4 27. Bd4 Qc6 28. Kf2 Qd6 29. Bxf6 Qf4+ 30. Kg1 Qg3+ 31. Kf1 Qxh3+ 32. Kf2 Qf3+ 33. Kg1 Qxg4+ 34. Kh1 Qh3+ 35. Kg1 Bc5+ 0-1

[Event "EU-ch U16 Girls"]
[Site "Prague"]
[Date "2012.08.22"]
[Round "6"]
[White "Chetina, Elizaveta"]
[Black "Hoare, Amy B"]
[Result "1-0"]
[WhiteElo "1793"]
[BlackElo "1958"]
[PlyCount "67"]
[EventDate "2012.08.17"]
[EventType "swiss"]
[EventRounds "9"]
[EventCountry "CZE"]
[SourceTitle "CBM 150 Extra"]
[Source "ChessBase"]
[SourceDate "2012.10.19"]
[SourceVersion "1"]
[SourceVersionDate "2012.10.19"]
[SourceQuality "1"]

1. e4 e5 2. Nf3 Nc6 3. Bc4 Bc5 4. c3 Nf6 5. d4 exd4 6. e5 d5 7. Bb5 Ne4 8. cxd4 Bb6 9. 0-0 0-0 10. h3 f6 11. Nc3 Bf5 12. Be3 Nxc3 13. bxc3 Be4 14. exf6 Qxf6 15. Ng5 Bf5 16. Bd3 Ne7 17. Re1 c6 18. Rb1 h6 19. Bxf5 Nxf5 20. Nf3 Rae8 21. Qd2 Nd6 22. Ne5 Ne4 23. Qc2 Qd6 24. f3 Ng5 25. Bxg5 Rxe5 26. Bh4 Rxe1+ 27. Rxe1 Qf4 28. Bf2 Bc7 29. Qg6 Qd2 30. Re7 Qc1+ 31. Be1 Be5 32. dxe5 Qe3+ 33. Kh2 Qf4+ 34. Bg3 1-0

[Event "EU-ch U14 Girls"]
[Site "Albena"]
[Date "2011.09.19"]
[Round "8"]
[White "Chetina, Elizaveta"]
[Black "Paramzina, Anastasya"]
[Result "1-0"]
[WhiteElo "1785"]
[BlackElo "1908"]
[PlyCount "59"]
[EventDate "2011.09.11"]
[EventType "swiss"]
[EventRounds "9"]
[EventCountry "BUL"]
[SourceTitle "CBM 144 Extra"]
[Source "ChessBase"]
[SourceDate "2011.10.28"]
[SourceVersion "1"]
[SourceVersionDate "2011.10.28"]
[SourceQuality "1"]

1. e4 c5 2. Nf3 d6 3. d4 cxd4 4. Nxd4 Nf6 5. Nc3 a6 6. Be2 e6 7. f4 Qc7 8. 0-0 Be7 9. Be3 Nc6 10. Nb3 b5 11. a3 0-0 12. Qe1 Bb7 13. Bf3 Rac8 14. Qg3 Rfe8 15. e5 dxe5 16. fxe5 Nd7 17. Bf4 Bf8 18. Ne4 Be7 19. Nd6 Bxd6 20. exd6 Qb6+ 21. Kh1 Kh8 22. Bxc6 Qxc6 23. Na5 Qb6 24. Be3 Qxa5 25. Rxf7 Rg8 26. Rxd7 Bc6 27. Rf7 Be8 28. Re7 Rd8 29. Bd4 Bg6 30. Qe5 1-0

[Event "EU-ch U14 Girls"]
[Site "Albena"]
[Date "2011.09.11"]
[Round "1"]
[White "Osmak, Iulija"]
[Black "Chetina, Elizaveta"]
[Result "1-0"]
[WhiteElo "2045"]
[BlackElo "1785"]
[PlyCount "63"]
[EventDate "2011.09.11"]
[EventType "swiss"]
[EventRounds "9"]
[EventCountry "BUL"]
[SourceTitle "CBM 144 Extra"]
[Source "ChessBase"]
[SourceDate "2011.10.28"]
[SourceVersion "1"]
[SourceVersionDate "2011.10.28"]
[SourceQuality "1"]

1. e4 e5 2. Bc4 Nc6 3. d3 Nf6 4. Nf3 d5 5. exd5 Nxd5 6. 0-0 Bc5 7. Re1 0-0 8. Nc3 Nxc3 9. bxc3 Na5 10. Nxe5 Nxc4 11. Nxc4 Be6 12. Ne5 Re8 13. Bf4 Bd5 14. c4 Be6 15. c3 f6 16. Nf3 Qd7 17. Rb1 b6 18. d4 Bd6 19. Bxd6 Qxd6 20. Qd3 Bg4 21. h3 Bh5 22. Nh4 Qa3 23. Qg3 Qxa2 24. Qxc7 Rac8 25. Qd7 Qxc4 26. Nf5 Qf7 27. Re7 Rxe7 28. Nxe7+ Kf8 29. Qxc8+ Kxe7 30. Re1+ Kd6 31. c4 a5 32. d5 1-0

[Event "Izhevsk Corporation Cup-A 3rd"]
[Site "Izhevsk"]
[Date "2011.07.23"]
[Round "8"]
[White "Chetina, Elizaveta"]
[Black "Bezgodova, Svetlana"]
[Result "1/2-1/2"]
[WhiteElo "1764"]
[BlackElo "2154"]
[PlyCount "101"]
[EventDate "2011.07.15"]
[EventType "swiss"]
[EventRounds "9"]
[EventCountry "RUS"]
[SourceTitle "CBM 143 Extra"]
[Source "ChessBase"]
[SourceDate "2011.08.29"]
[SourceVersion "1"]
[SourceVersionDate "2011.08.29"]
[SourceQuality "1"]

1. e4 d5 2. exd5 Nf6 3. Nc3 Nxd5 4. Nxd5 Qxd5 5. Nf3 Nc6 6. d4 Bg4 7. Be2 e6 8. 0-0 Rd8 9. c3 Be7 10. Bf4 Rd7 11. h3 g5 12. Bg3 Bf5 13. Ne5 Nxe5 14. Bxe5 f6 15. Bg3 Be4 16. f3 Bg6 17. Qa4 a6 18. Bc4 Qf5 19. Qb3 Bf7 20. Rfe1 c6 21. Bxe6 Bxe6 22. Rxe6 Qb5 23. Qxb5 axb5 24. Rae1 Kf7 25. a3 Ra8 26. R1e2 Ra4 27. Kf1 h5 28. Ke1 h4 29. Bh2 Bf8 30. R2e4 b4 31. axb4 Ra1+ 32. Kf2 Rh1 33. Bg1 Bd6 34. g4 Rxh3 35. Kg2 Rg3+ 36. Kf2 h3 37. Re8 Rg2+ 38. Kf1 Kg7 39. Re2 Rxe2 40. Rxe2 f5 41. Bh2 Bxh2 42. Rxh2 fxg4 43. fxg4 Rf7+ 44. Ke2 Rf4 45. Rxh3 Rxg4 46. Kf2 Kg6 47. Rg3 Rh4 48. Kg2 Re4 49. Kf2 Rh4 50. Kg2 Re4 51. Kf2 1/2-1/2

[Event "Izhevsk Corporation Cup-A 3rd"]
[Site "Izhevsk"]
[Date "2011.07.18"]
[Round "4"]
[White "Litvinov, Maxim"]
[Black "Chetina, Elizaveta"]
[Result "1-0"]
[WhiteElo "1753"]
[BlackElo "1764"]
[PlyCount "77"]
[EventDate "2011.07.15"]
[EventType "swiss"]
[EventRounds "9"]
[EventCountry "RUS"]
[SourceTitle "CBM 143 Extra"]
[Source "ChessBase"]
[SourceDate "2011.08.29"]
[SourceVersion "1"]
[SourceVersionDate "2011.08.29"]
[SourceQuality "1"]

1. e4 e5 2. f4 Bc5 3. Nf3 d6 4. c3 Bg4 5. Bc4 Qe7 6. Qb3 Bb6 7. fxe5 Bxf3 8. gxf3 dxe5 9. d4 Qf6 10. Qb5+ Nd7 11. Ke2 0-0-0 12. d5 Qg6 13. Rf1 Qg2+ 14. Kd1 Qxh2 15. a4 a6 16. Qb3 Qg2 17. a5 Ba7 18. Qa4 Qg6 19. b4 h5 20. b5 Nb8 21. Qb4 Qd6 22. Qb2 h4 23. Na3 Qc5 24. Rb1 axb5 25. Bxb5 h3 26. Bd3 b6 27. Nc4 h2 28. Be3 Qe7 29. Rh1 Qf6 30. Be2 Nd7 31. Qb5 Kb7 32. d6 Nb8 33. axb6 Bxb6 34. Bxb6 Rxd6+ 35. Nxd6+ Qxd6+ 36. Bd4+ Kc8 37. Qxb8+ Kd7 38. Qb5+ Ke7 39. Qxe5+ 1-0

[Event "PriFR-ch (Women) 10th"]
[Site "Perm"]
[Date "2011.01.06"]
[Round "4"]
[White "Chetina, Elizaveta"]
[Black "Karavaeva, Nadezhda"]
[Result "0-1"]
[WhiteElo "1783"]
[BlackElo "1979"]
[PlyCount "116"]
[EventDate "2011.01.04"]
[EventType "swiss"]
[EventRounds "9"]
[EventCountry "RUS"]
[SourceTitle "EXT 2022"]
[Source "ChessBase"]
[SourceDate "2021.10.06"]
[SourceVersion "1"]
[SourceVersionDate "2021.10.06"]
[SourceQuality "1"]

1. e4 c5 2. Nf3 e6 3. d4 cxd4 4. Nxd4 a6 5. Nc3 b5 6. a3 Bb7 7. Bd3 Nf6 8. 0-0 d6 9. Be3 Nbd7 10. f3 Be7 11. Qe1 0-0 12. Qg3 Re8 13. Rad1 Rc8 14. Be2 Qc7 15. Rd2 Bf8 16. Qh3 d5 17. exd5 Nxd5 18. Nxd5 Bxd5 19. Bd3 g6 20. Kh1 Bg7 21. c3 Ne5 22. Bf4 Qb7 23. Bxe5 Bxe5 24. Nc2 Bf4 25. Re2 Qc7 26. Ne3 Bb7 27. Ng4 Qe7 28. Nf2 Rcd8 29. Be4 Bc8 30. g3 Bg5 31. f4 Bf6 32. Bc6 Rf8 33. Qg2 Qc7 34. Ng4 Bg7 35. Ne5 Rd6 36. Bf3 Rfd8 37. Rff2 Qc5 38. Nc6 R8d7 39. Rd2 Bf6 40. Nb4 Kg7 41. Bc6 Rxd2 42. Rxd2 Rxd2 43. Qxd2 a5 44. Bg2 axb4 45. axb4 Qf5 46. Qe2 Qb1+ 47. Bf1 Bb7+ 48. Kg1 Bc6 49. g4 h6 50. Qf2 Qe4 51. Qg3 Bd8 52. Bd3 Bb6+ 53. Kf1 Qe3 54. Qxe3 Bxe3 55. f5 exf5 56. gxf5 Bc1 57. fxg6 fxg6 58. b3 Bd2 0-1